000 004720000a22001570004500
003 MACL
005 20170906131314.0
008 170906b xxu||||| |||| 00| 0 eng d
040 _cmacl
100 _aवैद, कृष्‍ण बलदेव
_945116
245 _aमायालो‍क
260 _aवाग्‍देवी प्र‍काशन
_c2011
350 _a400
650 _a,उपन्‍यास
_969010
942 _cHIN
_k891.433/VAI/N
_2ddc
999 _c47172
_d47172